00310nam a2200121Ia 450000500170000000800410001708200130005810000140007124500300008526000410011530000130015665000190016920250508021844.0240331s9999 xx 000 0 und d bRAMa894 aRamana, A 0aIrakasiyathai sol kiliye! aChennaibKanna palani acahagamc1992 a172 p ., aA Social Novel